| 000 | 00447nam a2200157 i 4500 | ||
|---|---|---|---|
| 001 | 141214 | ||
| 003 | ES-MaACL | ||
| 005 | 20230906200240.0 | ||
| 007 | t| | ||
| 008 | 070920s1921 it ||||1| ita d | ||
| 100 | 1 |
_aVivante, Cesare. _9115548 |
|
| 245 | 1 | 0 |
_aIstituzioni di diritto commerciale / _cdi Cesare Vivante. |
| 260 |
_aMilano : _b[s.n.], _c1921 ( _fUmberto Allegretti) |
||
| 300 |
_aXIV, 425 p. ; _c23 cm. |
||
| 852 |
_aES-MaACL _jB-12427 |
||
| 999 |
_c141214 _d141214 |
||